Transforming Children's Spaces : Children's And Adults' Participation In Designing Learning Environment (Record no. 14246)
[ view plain ]
| 000 -LEADER | |
|---|---|
| fixed length control field | 00473nam a2200157Ia 4500 |
| 008 - FIXED-LENGTH DATA ELEMENTS--GENERAL INFORMATION | |
| fixed length control field | 220803s9999 xx 000 0 und d |
| 020 ## - INTERNATIONAL STANDARD BOOK NUMBER | |
| International Standard Book Number | 978-0-415-45860-3 |
| 041 ## - LANGUAGE CODE | |
| Language code of text/sound track or separate title | eng |
| 082 ## - DEWEY DECIMAL CLASSIFICATION NUMBER | |
| Classification number | 729 CLA |
| 100 ## - MAIN ENTRY--PERSONAL NAME | |
| Personal name | Clark A |
| 9 (RLIN) | 21676 |
| 245 ## - TITLE STATEMENT | |
| Title | Transforming Children's Spaces : Children's And Adults' Participation In Designing Learning Environment |
| 260 ## - PUBLICATION, DISTRIBUTION, ETC. (IMPRINT) | |
| Place of publication, distribution, etc. | New York |
| Name of publisher, distributor, etc. | Routledge |
| Date of publication, distribution, etc. | 2010 |
| 300 ## - PHYSICAL DESCRIPTION | |
| Extent | 221p |
| 500 ## - GENERAL NOTE | |
| Keywords | Architecture |
| 650 ## - SUBJECT ADDED ENTRY--TOPICAL TERM | |
| Topical term or geographic name as entry element | Architectural Design |
| 9 (RLIN) | 21677 |
| Withdrawn status | Lost status | Damaged status | Not for loan | Collection code | Home library | Current library | Shelving location | Date acquired | Vendor | Cost, normal purchase price | Total Checkouts | Full call number | Barcode | Date last seen | Date last checked out | Cost, replacement price | Bill Date | Koha item type | Original Barcode |
|---|---|---|---|---|---|---|---|---|---|---|---|---|---|---|---|---|---|---|---|
| Book of B Arch | Dr. Bhanuben Nanavati College of Architecture | Dr. Bhanuben Nanavati College of Architecture | 23/12/2010 | Word Book Shop | 1517.00 | 1 | 729 CLA | BNCA-BK-7149 | 24/02/2026 | 17/02/2026 | 24.99 | 10/12/2010 | Books | B007149 |